Anar al contingut

Экологическая оценка агроэкосистем учебное пособие для самостоятельной подготовки аспирантов направление 06.06.01 биологические науки профиль подготовки 03.02.08 экология

В условиях интенсивного развития агропромышленного ком-плекса значительно возрастает экологическая нагрузка на окружающую среду. Настоящее учебное пособие направлено на формирование у будущих специалистов соответствующих отраслей АПК четкого представления о влиянии крупных животноводческих комплексо...

Descripció completa

Guardat en:
Dades bibliogràfiques
Autor principal: Гурин А. Г.
Altres autors: Резвякова С. В., Игнатова Г. А., Басов Ю. В., Плешкова Н. К.
Format: Книга
Idioma:Russian
Publicat: Орел ОрелГАУ 2016
Accés en línia:https://e.lanbook.com/book/106952
https://e.lanbook.com/img/cover/book/106952.jpg
Etiquetes: Afegir etiqueta
Sense etiquetes, Sigues el primer a etiquetar aquest registre!
LEADER 02605nam0a2200277 i 4500
001 106952
003 RuSpLAN
005 20221220174013.0
008 221220s2016 ru gs 000 0 rus
040 |a RuSpLAN 
041 0 |a rus 
044 |a ru 
245 0 0 |a Экологическая оценка агроэкосистем  |b учебное пособие для самостоятельной подготовки аспирантов направление 06.06.01 биологические науки профиль подготовки 03.02.08 экология  |c Гурин А. Г.,Резвякова С. В.,Игнатова Г. А.,Басов Ю. В.,Плешкова Н. К. 
260 |a Орел  |b ОрелГАУ  |c 2016 
300 |a 171 с. 
504 |a Библиогр.: доступна в карточке книги, на сайте ЭБС Лань 
520 8 |a В условиях интенсивного развития агропромышленного ком-плекса значительно возрастает экологическая нагрузка на окружающую среду. Настоящее учебное пособие направлено на формирование у будущих специалистов соответствующих отраслей АПК четкого представления о влиянии крупных животноводческих комплексов, выпаса скота, животноводческих стоков на состояние окружающей среды. В учебном пособии рассмотрены актуальные вопросы, касающиеся современных методов утилизации отходов животноводства и проблемы производства экологически безопасной продукции. Учебное пособие предназначено для самостоятельной работы аспиран-тов по направлению подготовки 06.06.01 Биологические науки, пр-филь 03.02.08 Экология. 
521 8 |a Книга из коллекции ОрелГАУ - Экология 
100 1 |a Гурин А. Г. 
700 1 |a Резвякова С. В. 
700 1 |a Игнатова Г. А. 
700 1 |a Басов Ю. В. 
700 1 |a Плешкова Н. К. 
856 4 |u https://e.lanbook.com/book/106952 
856 4 8 |u https://e.lanbook.com/img/cover/book/106952.jpg 
953 |a https://e.lanbook.com/img/cover/book/106952.jpg 
Cannot write session to /tmp/vufind_sessions/sess_2td9iu91hk5ob3rs43vsf0tqva